000 00536na a2200193 4500
001 15746
003 MIRAKIL
005 20181213155103.0
008 160923b tu 000 0
035 _a15746
040 _aMilas
_btur
_cTR-AnCHP
082 _a323
_bİ57 [t.y.]
090 _a323 İ57 [t.y.]
245 _aİnsan hakları üzerine sorular ve yanıtlar
260 _aAnkara
_bBirleşmiş Milletler Türk Derneği
_c1977
300 _a59 s.
_c16 sm.
650 _aİnsan hakları
_xBirleşmiş Milletler
942 _2ddc
_cBKS
999 _c6316
_d6316